<?xml version="1.0" encoding="UTF-8"?>
<record
    xmlns:xsi="http://www.w3.org/2001/XMLSchema-instance"
    xsi:schemaLocation="http://www.loc.gov/MARC21/slim http://www.loc.gov/standards/marcxml/schema/MARC21slim.xsd"
    xmlns="http://www.loc.gov/MARC21/slim">

  <leader>02419nam a2200337 a 4500</leader>
  <controlfield tag="001">BRCA_5166</controlfield>
  <controlfield tag="005">20190320204952.0</controlfield>
  <controlfield tag="008">231110s1741----mx-######v---#000-0#spa-#</controlfield>
  <datafield tag="041" ind1=" " ind2=" ">
    <subfield code="a">spa</subfield>
  </datafield>
  <datafield tag="044" ind1=" " ind2=" ">
    <subfield code="a">mx</subfield>
  </datafield>
  <datafield tag="084" ind1=" " ind2=" ">
    <subfield code="a">DOC122</subfield>
    <subfield code="b">.E38</subfield>
    <subfield code="c">1741</subfield>
  </datafield>
  <datafield tag="100" ind1="1" ind2=" ">
    <subfield code="a">Eguiara y Eguren, Ju&#xE1;n Joseph de</subfield>
    <subfield code="d">1695-1763</subfield>
    <subfield code="9">13213</subfield>
  </datafield>
  <datafield tag="245" ind1="1" ind2="0">
    <subfield code="a">Documento firmado por Ju&#xE1;n Joseph de Eguiara y Eguren y Don Ignacio Bartolom&#xE9; de Parra acusando al Padre Joseph Andr&#xE9;s Fern&#xE1;ndez</subfield>
    <subfield code="c">Ju&#xE1;n Joseph de Eguiara y Eguren ... [et al.].</subfield>
  </datafield>
  <datafield tag="260" ind1=" " ind2=" ">
    <subfield code="a">San Luis de la Paz, M&#xE9;xico</subfield>
    <subfield code="c">1741</subfield>
  </datafield>
  <datafield tag="300" ind1=" " ind2=" ">
    <subfield code="a">[28] fojas</subfield>
    <subfield code="c">32 x 22cm</subfield>
  </datafield>
  <datafield tag="500" ind1=" " ind2=" ">
    <subfield code="a">Documento firmado en 1741</subfield>
  </datafield>
  <datafield tag="500" ind1=" " ind2=" ">
    <subfield code="a">El se&#xF1;or inquisidor Fiscal del Santo Oficio de M&#xE9;xico, se dirige al Padre Andr&#xE9;s Fern&#xE1;ndez, Profeso de Cuarto Voto de la Compa&#xF1;&#xED;a de Jes&#xFA;s y Superior actual del Hospicio de la Villa de Le&#xF3;n, acusado por el padre Joseph Mar&#xED;a Monaco, profeso de cuarto Voto de la Compa&#xF1;&#xED;a de la Naci&#xF3;n Italiana de haber dicho: &#xB4;Aunque de suyo es malo decir misa en pecado mortal; de suyo m&#xE1;s se agrada a Dios de la obra tan grande que es el Santo Sacrificio de la Misa, de lo que se desagrada de la indignidad del Ministro; y m&#xE1;s antes la dir&#xED;a que dejarla, de dar a Dios, obsequio tan grande o que privar a las &#xE1;nimas de aqu&#xE9;l sufragio. Antes quiero que me cojan en un pecado contra el sexto, en una fortificaci&#xF3;n o en adulterio que en dicha mentira leve.&#xB4; Presenta an&#xE1;lisis muy interesante del derecho Can&#xF3;nico con citas en lat&#xED;n del estudio de estas faltas, firmadas por Don Ju&#xE1;n Joseph de Eguiara y Eguren y Don Ignacio Bartolom&#xE9; de Parra</subfield>
  </datafield>
  <datafield tag="500" ind1=" " ind2=" ">
    <subfield code="a">El documento contiene la leyenda DOC. #290</subfield>
  </datafield>
  <datafield tag="500" ind1=" " ind2=" ">
    <subfield code="a">Papel con marca de agua</subfield>
  </datafield>
  <datafield tag="500" ind1=" " ind2=" ">
    <subfield code="a">Estado de conservaci&#xF3;n: contiene acidificaci&#xF3;n, roturas por rasgos de polilla, m&#xE1;rgenes maltratados</subfield>
  </datafield>
  <datafield tag="506" ind1="0" ind2=" ">
    <subfield code="a">Fondo reservado: para su consulta es necesario credencial de usuario y carta de motivos</subfield>
  </datafield>
  <datafield tag="546" ind1=" " ind2=" ">
    <subfield code="a">Texto en: espa&#xF1;ol de mediados del siglo XVIII</subfield>
  </datafield>
  <datafield tag="600" ind1="1" ind2="4">
    <subfield code="a">Eguiara y Eguren, Ju&#xE1;n Joseph de</subfield>
    <subfield code="d">1695-1763</subfield>
    <subfield code="9">13213</subfield>
  </datafield>
  <datafield tag="650" ind1="1" ind2="4">
    <subfield code="a">Documentos legales</subfield>
    <subfield code="v">Manuscrito</subfield>
    <subfield code="x">Historia</subfield>
    <subfield code="9">12460</subfield>
  </datafield>
  <datafield tag="651" ind1=" " ind2="4">
    <subfield code="a">M&#xE9;xico</subfield>
    <subfield code="x">Inquisici&#xF3;n Santo Oficio</subfield>
    <subfield code="9">13214</subfield>
  </datafield>
  <datafield tag="700" ind1="1" ind2=" ">
    <subfield code="a">Parra, Ignacio Bartolom&#xE9; de</subfield>
    <subfield code="c">Padre</subfield>
    <subfield code="9">13215</subfield>
  </datafield>
  <datafield tag="700" ind1="1" ind2=" ">
    <subfield code="a">Monaco, Joseph Mar&#xED;a</subfield>
    <subfield code="c">Misionero</subfield>
    <subfield code="d">1704-1744</subfield>
    <subfield code="9">13216</subfield>
  </datafield>
  <datafield tag="700" ind1="1" ind2=" ">
    <subfield code="a">Fern&#xE1;ndez de Ipenza, Andr&#xE9;s</subfield>
    <subfield code="c">Padre e inquisidor</subfield>
    <subfield code="d">[?-1643]</subfield>
    <subfield code="9">13217</subfield>
  </datafield>
  <datafield tag="902" ind1=" " ind2=" ">
    <subfield code="a">FDH</subfield>
  </datafield>
  <datafield tag="942" ind1=" " ind2=" ">
    <subfield code="2">lcc</subfield>
    <subfield code="c">D</subfield>
  </datafield>
  <datafield tag="999" ind1=" " ind2=" ">
    <subfield code="c">4860</subfield>
    <subfield code="d">4860</subfield>
  </datafield>
  <datafield tag="952" ind1=" " ind2=" ">
    <subfield code="0">0</subfield>
    <subfield code="1">0</subfield>
    <subfield code="4">0</subfield>
    <subfield code="7">0</subfield>
    <subfield code="a">BRCA</subfield>
    <subfield code="b">BRCA</subfield>
    <subfield code="d">2010-11-23</subfield>
    <subfield code="l">0</subfield>
    <subfield code="o">DOC122 .E38 1741</subfield>
    <subfield code="p">5510</subfield>
    <subfield code="r">2019-03-22 00:00:00</subfield>
    <subfield code="w">2019-03-22</subfield>
    <subfield code="y">D</subfield>
  </datafield>
</record>
